000
00284nam a22001217a 4500
008
180521b xxu||||| |||| 00| 0 eng d
041
_a
eng
080
_a
043.3
100
_a
0
101
_a
SHKI-BTH
245
_a
Secure Virtualization in Cloud Computing
_c
Ibishi,S
942
_2
udc
_c
BK
999
_c
46097
_d
46097